| 000 | 00611nam a2200205 a 4500 | ||
|---|---|---|---|
| 005 | 20160218150334.0 | ||
| 008 | 140312b2004 wau||||| |||| 00| 0 eng d | ||
| 040 |
_aCO-BoIAVH _cCO-BoIAVH |
||
| 041 | _aeng | ||
| 044 | _axxu | ||
| 082 | 0 | 4 |
_a333.952 _bG29g |
| 100 | 1 | _aGeer, Shirley | |
| 245 | 1 |
_aGEF and the convention on biological diversity _ba strong partnership with solid results |
|
| 260 |
_aWashington _bGEF _c2004 |
||
| 300 |
_a56 paginas. _bilustraciones. ; _c28 x 21 cm |
||
| 650 | 6 | _aDiversidad biologica | |
| 650 | 6 | _aPatentes | |
| 942 |
_cLIBRO _2ddc |
||
| 945 | _d2004-07-01 | ||
| 999 |
_c3947 _d3947 |
||